| 000 | 00490nam a22001697a 4500 | ||
|---|---|---|---|
| 003 | BDDh-ASL | ||
| 005 | 20231015031313.0 | ||
| 008 | 230405s1987 ir ||||| |||| 00| 0 eng d | ||
| 040 |
_aBDDh-ASL _cBDDh-ASL |
||
| 041 | _aeng | ||
| 082 |
_a297.09 _bBAH |
||
| 245 | 0 | 0 | _aBahaism : its origin and its role / |
| 260 |
_aIran : _bIslamic Propagation Organization, _c1987. |
||
| 300 |
_a54 p. : _c22 cm. |
||
| 650 | 0 |
_aইসলাম ধর্ম (Islamic Religion) _96085 |
|
| 942 |
_2ddc _cBK |
||
| 999 |
_c31710 _d31710 |
||